Plánovanie, rozhodovanie, kontrola Úvod do série článkov o riadiacich pracovníkoch malého a stredného podniku. 1
Rozdiel v deľbe práce, organizačnej štruktúre a riadiacom aparáte vo veľkých a v malých a stredných podnikoch (MSP). Vyššie nároky na manažérov MSP. Rozvoj základných manažérskych funkcií a schopností manažérskeho myslenia.
Salvato in:
| Autore principale: | |
|---|---|
| Natura: | Capitolo di libro |
| Lingua: | slovacco |
| Soggetti: | |
| Tags: |
Nessun Tag, puoi essere il primo ad aggiungerne!!
|
MARC
| LEADER | 00000naa a2200000 4500 | ||
|---|---|---|---|
| 001 | r016023 | ||
| 005 | 20221213113510.0 | ||
| 041 | 0 | |a slo | |
| 044 | |a SK | ||
| 245 | 1 | 0 | |a Plánovanie, rozhodovanie, kontrola |b Úvod do série článkov o riadiacich pracovníkoch malého a stredného podniku. 1 |c J. Papula |
| 520 | |a Rozdiel v deľbe práce, organizačnej štruktúre a riadiacom aparáte vo veľkých a v malých a stredných podnikoch (MSP). Vyššie nároky na manažérov MSP. Rozvoj základných manažérskych funkcií a schopností manažérskeho myslenia. | ||
| 610 | 2 | 0 | |a podnik veľký |
| 610 | 2 | 0 | |a podnik malý |
| 610 | 2 | 0 | |a podnik stredný |
| 610 | 2 | 0 | |a pracovníci riadiaci |
| 610 | 2 | 0 | |a manažéri |
| 610 | 2 | 0 | |a pracovníci odborní |
| 610 | 2 | 0 | |a deľba práce podniková |
| 610 | 2 | 0 | |a štruktúra organizačná |
| 610 | 2 | 0 | |a manažment |
| 100 | 1 | |a Papula, J. | |